| 000 | 00594nam a2200265Ia 4500 | ||
|---|---|---|---|
| 008 | 210210b2008 xxu||||| |||| 00| 0 eng d | ||
| 020 | _a818598624X | ||
| 041 | _aeng | ||
| 082 | _a001.6402 PADK | ||
| 100 | _aPADMASREE PUBLICATIONS | ||
| 245 | _aKarnataka PG CET, K MAT, VTU MCA entrance exams | ||
| 260 |
_aBangalore _b- _c2008 |
||
| 300 | _a443 | ||
| 650 | _aVTU | ||
| 650 | _aPG | ||
| 650 | _aMCA | ||
| 650 | _aMAT, | ||
| 650 | _aKarnataka | ||
| 650 | _aK | ||
| 650 | _aexams | ||
| 650 | _aentrance | ||
| 650 | _aCET, | ||
| 690 | _aComputer Entrance | ||
| 906 | _aSG05210 | ||
| 999 |
_c136607 _d136607 |
||